Регионална библиотека "Любен Каравелов" - Русе

Записки по българските истории (Запис номер 323440)

MARC детайли
000 -Лидер
Контролно поле с фиксирана дължина 00896aam a2200265 a 4500
003 - Код на организацията, давaща контролен номер
Контролно поле BLK
005 - Дата и час на последна редакция
Контролно поле 20240323141419.0
008 - Елементи от данни с фиксирана дължина
fixed length control field 180724b bul||||| |||| 00| 0 bul d
020 ## - Международен стандартен номер на книга ISBN
Международен стандартен номер на книга ISBN 978-954-09-1217-2
040 ## - Източник на каталожния запис
Идентификатор на билиотеката - собственик на записа BLK
041 ## - Код за език
Код за езика на текст/звукозапис или на отделно заглавие Български
Код за езика КДБФ Български
080 ## - УДК
Текстов определител УДК Българска литература
УДК код - определител по УДК 821.163.2
УДК - код + определител 821.163.2-32
100 ## - Редна дума - Автор
Автор Дешев, Димо Иванов
Авторска отговорност първи автор
R(LIN) 1299
139 ## - Редно поле
Редна дума Дешев, Димо Иванов
Авторски знак Деч - Д 47
245 ## - Сведения за заглавието
Заглавие Записки по българските истории
Подзаглавни данни Хумористична теория за нашия народ
Редно поле (дума) Димо Дешев
260 ## - Област на издателските данни
Име на издателя, разпространителя и проч. Захарий Стоянов
Година на издаване 2018
Място на издаване, разпространение и проч. София
300 ## - Физическа характеристика
Страници 144 с.
Размери/Мащаб 23 см
380 ## - Жанр
Жанр Худож. лит.
852 ## - Местоположение
Систематично-азбучна сигнатура П 886.7-32/Д 47
852 ## - Местоположение
Систематично-азбучна сигнатура Цб 291146
Фондова буква Хранилище
999 ## - СИСТЕМНИ КОНТРОЛНИ НОМЕРА
Koha biblionumber 323440
Koha biblioitemnumber 323440
942 ## - АРТИКУЛИ
Вид на библиотечния материал Книги
Източник на класификационната схема Universal Decimal Classification
Скрит в OPAC Не
Koha issues (borrowed), all copies 13
999 ## - СИСТЕМНИ КОНТРОЛНИ НОМЕРА
Koha biblioitemnumber 323440
999 ## - СИСТЕМНИ КОНТРОЛНИ НОМЕРА
Koha biblioitemnumber 323440
999 ## - СИСТЕМНИ КОНТРОЛНИ НОМЕРА
Koha biblioitemnumber 323440
944 ## - СЪЗДАВАНЕ И РЕДАКЦИЯ на ЗАПИСА
Служител, извършил регистрацията/редакцията 30564
Статус, дата на статуса Галина Якимова
Наличности
Код за отписване Код за изгубен артикул Източник на класификационната схема Код за повреда Код за отдаване Артикулен № Име на библиотеката - собственик Име на библиотеката, в която се намира в момента Статус (Текущо местоположение) Дата на вписване в системата Местоположение - отдел Цена в лева Инвентарен номер Систематично азбучна сигнатура Баркод Цена в евро Служебен тип на артикула Коз за рестрикции
  Не е изгубен Universal Decimal Classification Не е повреден заемане за дома 678307 Регионална библиотека "Любен Каравелов" Русе Регионална библиотека "Любен Каравелов" Русе Заемна - подръчен фонд 2018-07-09 Заемна - подръчен фонд 8.40 120000821796 П 886.7-32/Д 47 120000821796 4.29 Книги  
  Не е изгубен Universal Decimal Classification Не е повреден заемане за дома 678308 Регионална библиотека "Любен Каравелов" Русе Регионална библиотека "Любен Каравелов" Русе Заемна - подръчен фонд 2018-07-09 Заемна - подръчен фонд 8.40 120000821797 П 886.7-32/Д 47 120000821797 4.29 Книги  
  Не е изгубен Universal Decimal Classification Не е повреден ползва се в читалня 682013 Регионална библиотека "Любен Каравелов" Русе Регионална библиотека "Любен Каравелов" Русе Хранилище 2018-11-13 Хранилище 12.00 120000824621 Цб 291146 120000824621 6.14 Книги без рестрикции
Vip Innovations Ltd, Rousse, Bulgaria 2025